000
00315nam a22001337a 4500
008
170721b xxu||||| |||| 00| 0 eng d
020
_a
9780135179628
041
_a
eng
080
_a
004
100
_a
28
101
_a
SHKI
245
_a
DIGITAL EXPERIMENTS EMPHASIZING TROUBLESHOOTING
_c
COX,J.V
942
_2
udc
_c
BK
999
_c
21715
_d
21715